BSOP header

Personal idealism and Strong's theology / (Record no. 17016)

MARC details
000 -LEADER
fixed length control field 00633nam a2200169 4500
008 - FIXED-LENGTH DATA ELEMENTS--GENERAL INFORMATION
fixed length control field 030918s1951 xx m b a000 0beng d
090 ## - LOCALLY ASSIGNED LC-TYPE CALL NUMBER (OCLC); LOCAL CALL NUMBER (OCLC)
Classification number (OCLC) (R) ; Classification number, CALL (RLIN) (NR) BT75
Local cutter number (OCLC) ; Book number/undivided call number, CALL (RLIN) H39p
100 1# - MAIN ENTRY--PERSONAL NAME
Personal name Henry, Carl Ferdinand Howard,
Dates associated with a name 1913-
245 10 - TITLE STATEMENT
Title Personal idealism and Strong's theology /
Statement of responsibility, etc by Carl F. H. Henry.
260 ## - PUBLICATION, DISTRIBUTION, ETC. (IMPRINT)
Place of publication, distribution, etc Wheaton, Ill. :
Name of publisher, distributor, etc Van Kampen Press,
Date of publication, distribution, etc c1951.
300 ## - PHYSICAL DESCRIPTION
Extent 233 p. ;
Dimensions 24 cm.
500 ## - GENERAL NOTE
General note Label on title page: Kregel Publications, Grand Rapids.
504 ## - BIBLIOGRAPHY, ETC. NOTE
Bibliography, etc Bibliography: p. 230-233.
600 14 - SUBJECT ADDED ENTRY--PERSONAL NAME
Personal name Strong, Augustus Hopkins,
Dates associated with a name 1836-1921.
650 #4 - SUBJECT ADDED ENTRY--TOPICAL TERM
Topical term or geographic name as entry element Personalism.
951 ## - EQUIVALENCE OR CROSS-REFERENCE-GEOGRAPHIC NAME/AREA NAME [OBSOLETE] [CAN/MARC only]
General subdivision 00025456
951 ## - EQUIVALENCE OR CROSS-REFERENCE-GEOGRAPHIC NAME/AREA NAME [OBSOLETE] [CAN/MARC only]
-- 26479
-- BT75/H39p
-- 070613111313046
-- 2000-12-21
-- GC
Holdings
Withdrawn status Lost status Damaged status Not for loan Home library Current library Shelving location Date acquired Accession number Shelving control number Total Checkouts Full call number Barcode Date last seen Price effective from Koha item type
        BSOP Library BSOP Library GC 12/21/2000 26479 127   BT75/H39p 00025456 02/23/2013 02/23/2013 Books
BSOP

Biblical Seminary of the Philippines
  All rights Reserved
  © 2024

CONTACT INFORMATION

Biblical Seminary of the Philippines,
  77-B Karuhatan Road, Valenzuela City,
  PHILIPPINES 1441
  Phone: +632 8292-6795 / 8292-6798
  Fax : +632 8292-6675
  Email: library@bsop.edu.ph